Odměňování v souvislosti s využitím vynálezů, zlepšovacích návrhů a průmyslových vzorů : Kinokavárna - Pardubice, 10. - 11. 11. 1987 /

Uloženo v:
Podrobná bibliografie
Hlavní autor: Jiřík, Jaroslav
Médium: Kniha
Jazyk:čeština
Vydáno: Pardubice : Dům techniky ČSVTS, 1987
Témata:
On-line přístup: Získat plný text
Tagy: Přidat tag
Žádné tagy, Buďte první, kdo vytvoří štítek k tomuto záznamu!

MARC

LEADER 00000nam a2200000 4500
003 SK-BrCVT
005 20220617143356.0
008 880101s1987 cs e ||||||cze d
035 |a CVTIDW0891764 
040 |b slo  |a CVTI SR 
041 0 |a cze 
044 |a cs 
080 |a 608  |2 UDC-MRF 
100 1 |a Jiřík, Jaroslav 
245 1 0 |a Odměňování v souvislosti s využitím vynálezů, zlepšovacích návrhů a průmyslových vzorů :  |b Kinokavárna - Pardubice, 10. - 11. 11. 1987 /  |c Autoři: Jaroslav Jiřík a kol. 
260 |a Pardubice :  |b Dům techniky ČSVTS,  |c 1987 
300 |a 81 s. 
653 1 |a odmeňovanie  |a vynález  |a zlepšovací návrh  |a priemyselný vzor 
692 |a KM MM 
910 |b A488637 
974 |f Knihy 
992 |a AZN 
999 |c 38911  |d 38911